000 01903cam a22004814i 4500
003 PE-LiUPU
005 20250731173505.0
008 150623s r 000 0 d
020 _a0963828304
035 _a(Sirsi) i9780963828309
040 _aPE-LiUPU
_bspa
_cPE-LiUPU
_erda
049 _aPRUA
082 0 4 _a262.1
_bL21
_221
100 1 _aLall, Bernard M.,
_eautor.
245 1 0 _aNew dynamic leadership; how to become an effective leader in a contemporary society.
264 1 _aBarrien Spring, Michigan :
_bGeetanjali publishers,
_c1994.
300 _a525 páginas ;
_c24 centímetros
336 _atext
_2rdacontent
337 _aunmediated
_2rdamedia
338 _avolume
_2rdacarrier
504 _aIncluye bibliografía.
505 0 _aGo into all the world. -The greatest need of the seventh-day adventist church. -Development of leadership theories. -Functions of a leader. -Organizational goals and objectives.
526 _aSEG42
526 _aSEG41
526 _aSEG40
526 _aSEG39
526 _aP94
526 _aP87
526 _aP86
526 _aP85
526 _aP77
526 _aP76
526 _aP35
650 0 4 _aLIDERAZGO CRISTIANO (IASD).
942 _2ddc
_cBOOK
949 _a254 L21
_wDEWEY
_c1
_i40445
_lCCODEBUL1
_mBUL
_r0
_sY
_tBOOK
_u2015-6-16
_xTEOLOGIA
_zUNKNOWN
_0COMPRA
_o.STAFF. Colección General
949 _a262.1 L21
_wDEWEY
_c1
_i43773
_lCCODEBUL1
_mBUL
_r0
_sY
_tBOOK
_u2015-6-24
_xTEOLOGIA
_PP35
_0COMPRA
_o.STAFF. Colección General
994 _aC0
_bPEPRU
596 _a1
999 _a254 L21
_wDEWEY
_c58240
_i40445
_f2021-11-10
_g5
_lCCODEBUL1
_mBUL
_r0
_sY
_tBOOK
_u2015-6-16
_xTEOLOGIA
_zUNKNOWN
_0COMPRA
_o.STAFF. Colección General
_d58240
999 _a262.1 L21
_wDEWEY
_c1
_i43773
_f2021-11-10
_g5
_lCCODEBUL1
_mBUL
_r0
_sY
_tBOOK
_u2015-6-24
_xTEOLOGIA
_PP35
_0COMPRA
_o.STAFF. Colección General
980 _81
_gALBERTO SANCHEZ Responsable de Automatización